| 000 | 00696cam a2200265 i 4500 | ||
|---|---|---|---|
| 020 | _a0520034511 | ||
| 040 | _cDLC | ||
| 082 | 0 | 0 | _a582 UNI 1977 A029 Or. |
| 100 | 1 | _aNye, Peter Hague. | |
| 245 | 1 | 0 | _aSolute movement in the soil-root system / |
| 260 |
_aBerkeley : _bUniversity of California Press, _c1977. |
||
| 300 |
_axiv, 342 p. : _bill. ; _c25 cm. |
||
| 490 | 1 | _aStudies in ecology ; | |
| 500 | _aIncludes indexes. | ||
| 650 | 0 | _aCrops and soils | |
| 650 | 0 | _aPlant-soil relationships | |
| 650 | 0 | _aSoils | |
| 650 | 0 | _aRhizosphere | |
| 650 | 0 | _aRoots (Botany) | |
| 650 | 0 | _aPlant nutrients | |
| 650 | 0 | _aCrops | |
| 650 | 0 | _aPlants | |
| 700 | 1 | _aTinker, P. B. | |
| 942 | _cEK | ||
| 999 |
_c11388 _d11388 |
||